शकुन्तला : (Record no. 113410)
[ view plain ]
| 000 -LEADER | |
|---|---|
| fixed length control field | 01101nam a22002777a 4500 |
| 003 - CONTROL NUMBER IDENTIFIER | |
| control field | dpl |
| 005 - DATE AND TIME OF LATEST TRANSACTION | |
| control field | 20190119134830.0 |
| 008 - FIXED-LENGTH DATA ELEMENTS--GENERAL INFORMATION | |
| fixed length control field | 190119b ||||| |||| 00| 0 eng d |
| 010 ## - LIBRARY OF CONGRESS CONTROL NUMBER | |
| LC control number | B-038824 |
| 020 ## - INTERNATIONAL STANDARD BOOK NUMBER | |
| Terms of availability | 200.00 |
| 035 ## - SYSTEM CONTROL NUMBER | |
| System control number | B-038824, B-038828 |
| 037 ## - SOURCE OF ACQUISITION | |
| Source of stock number/acquisition | Cen Lib/Ret |
| 040 ## - CATALOGING SOURCE | |
| Original cataloging agency | DPL |
| Language of cataloging | HN |
| Transcribing agency | 0 |
| 082 ## - DEWEY DECIMAL CLASSIFICATION NUMBER | |
| Classification number | 821 |
| Item number | तिवारी |
| 100 ## - MAIN ENTRY--PERSONAL NAME | |
| Personal name | तिवारी, रामलला |
| 9 (RLIN) | 52119 |
| 245 ## - TITLE STATEMENT | |
| Title | शकुन्तला : |
| Statement of responsibility, etc | रामलला तिवारी |
| Remainder of title | खण्ड-काव्य / |
| 246 ## - VARYING FORM OF TITLE | |
| Title proper/short title | Shakuntala : khand-kavye / |
| Remainder of title | by Ramlala Tiwari |
| 260 ## - PUBLICATION, DISTRIBUTION, ETC. (IMPRINT) | |
| Place of publication, distribution, etc | दिल्ली |
| Name of publisher, distributor, etc | जनवाणी प्रकाशन |
| Date of publication, distribution, etc | 2001 |
| 270 ## - ADDRESS | |
| Address | 30/35-36, गली नं ० 9, विश्वास नगर |
| City | दिल्ली |
| Postal code | 110032 |
| 300 ## - PHYSICAL DESCRIPTION | |
| Extent | 183पृ. |
| Dimensions | 21सेमी (सजिल्द) |
| 650 ## - SUBJECT ADDED ENTRY--TOPICAL TERM | |
| Topical term or geographic name as entry element | हिंदी साहित्य |
| 9 (RLIN) | 52120 |
| 650 ## - SUBJECT ADDED ENTRY--TOPICAL TERM | |
| Topical term or geographic name as entry element | हिंदी--काव्य |
| 9 (RLIN) | 52121 |
| 650 ## - SUBJECT ADDED ENTRY--TOPICAL TERM | |
| Topical term or geographic name as entry element | Hindi literature |
| 9 (RLIN) | 52122 |
| 650 ## - SUBJECT ADDED ENTRY--TOPICAL TERM | |
| Topical term or geographic name as entry element | Hindi--Poetry |
| 9 (RLIN) | 52123 |
| 942 ## - ADDED ENTRY ELEMENTS (KOHA) | |
| Source of classification or shelving scheme | Dewey Decimal Classification |
| Koha item type | Hindi Books |
| Classification part | 821 |
| Call number suffix | तिवारी |
| Withdrawn status | Lost status | Damaged status | Not for loan | Home library | Current library | Date acquired | Source of acquisition | Cost, normal purchase price | Total Checkouts | Full call number | Barcode | Date last seen | Copy number | Cost, replacement price | Price effective from | Koha item type | Source of classification or shelving scheme | Collection code |
|---|---|---|---|---|---|---|---|---|---|---|---|---|---|---|---|---|---|---|
| Central Library | Central Library | 12/08/2015 | Cen Lib/Ret | 200.00 | 821 तिवारी | B-038824 | 12/08/2015 | 1 | 200.00 | 12/08/2015 | Hindi Books | |||||||
| Shahdara Branch | Shahdara Branch | 19/01/2019 | BPPD/PUB | 200.00 | 821 तिवारी | B-038828 | 19/01/2019 | 200.00 | 19/01/2019 | Hindi Books | Dewey Decimal Classification | Non-fiction |
